000 01451cam a2200289 4500
001 ABS63981
008 000000n2001 000 0 eng u
035 _a(Sirsi) u112837
100 _aConnerty, A
245 _aDispute resolution in the oil and gas industry: recent trends
260 _c2001
490 _aArbitration
_v67(2) May 2001, 135-148(14)
520 _aHighlights the range of disputes which occur in the oil and gas industry such as maritime boundary disputes between states, oil and gas trading contract disputes, and offshore construction and pipeline disputes, and looks at the methods of dispute resolution used to resolve them; international conventions, statutory arbitration, litigation, arbitration, alternative dispute resolution (ADR) and expert determination. Also considers the impact of electronic commerce on dispute resolution in the energy industry.
590 _aABS
650 _aINTERNATIONAL
650 _aEXPERT DETERMINATION
650 _aMANAGEMENT-DISPUTE AVOIDANCE, MANAGEMENT AND RESOLUTION-DISPUTE MANAGEMENT AND RESOLUTION-ARBITRATION
650 _aELECTRONIC COMMERCE
650 _aENERGY INDUSTRY
650 _aOIL INDUSTRY
650 _aGAS INDUSTRY
650 _aALTERNATIVE DISPUTE RESOLUTION
650 _aLITIGATION
650 _aALTERNATIVE DISPUTE RESOLUTION
690 _aMANGEMENT-DISPUTE AVOIDANCE, MANAGEMENT AND RESOLUTION-DISPUTE MANAGEMENT AND RESOLUTION
942 _n0
999 _c67169
_d67169